000 00329nam a22001337a 4500
008 171012b xxu||||| |||| 00| 0 eng d
020 _a9780534099183
041 _aeng
080 _a316
100 _a50
101 _aSOC
245 _aFINGING OUT CONDUCTING AND EVALUAATING SOCIAL RESEARCH
_cTRUE.J.A
942 _2udc
_cBK
999 _c33301
_d33301